000
00213 a2200097 4500
001
18736
100
_a
Qims A H
245
_a
Zaad ul Maad Vol I II III
260
_a
_b
Nafees academy
_c
1962
090
_c
13894
_d
13894
942
_a
NUST-CAE
_c
M
_c
4329
999
_c
253809
_d
253809